00775cam a2200265 a 45000010008000000030004000080050017000120080041000290100017000700200022000870200015001090350019001240400022001430420014001650500023001790820019002021000017002212450086002382600077003243000026004015040030004276500012004576500020004696500020004893262353OSt20181128155810.0950310s1981 flu b 000 0 eng d a 81066826  a0939868008 (pbk.) a0939868016 a(OCoLC)9265936 aMoSpAcMoSpAdDLC alccopycat04aBV600.2b.H28 199400a262220bH228E1 aHamon, Bill.14aThe eternal church /cby Bill Hamon ; foreworded by Harald Bredesen ... [et al.]. aSanta Rosa Beach, FL :bChristian International,cc1981g(1994 printing) axiv, 398 p. ;c21 cm. aBibliography: p. 396-398. 0aChurch. 0aChurch history. 0aPentecostalism.